000 00510 a2200181 4500
003 OSt
005 20231130125943.0
008 231130b |||||||| |||| 00| 0 eng d
020 _a9789390574247
040 _coclc
082 _a894.8123
_bIND/P
100 _aIndugopan, G R
_98021
245 _aPrethavettakkaran /
_cG.R. Indugopan
250 _a1st ed.
260 _aKozhikode:
_bMathrubhumi Books,
_c2021.
300 _a254p.
942 _2ddc
_cBK
_h894.8123
_iIND/P
_k894.8123
_mIND/P
999 _c43894
_d43894